Statistics for Every Wrestler to Compete on WWE Heat

Click here to take the quiz!

General Stats

  • This quiz has been taken 122 times
  • The average score is 76 of 212

Answer Stats

Date of First MatchWrestler% Correct
October 11, 1998Stone Cold Steve Austin
91%
August 2, 1998The Rock
90%
October 25, 1998Christian
89%
August 2, 1998Kane
88%
August 2, 1998Edge
87%
September 27, 1998Matt Hardy
87%
September 27, 1998Jeff Hardy
85%
May 28, 2000Eddie Guerrero
83%
August 9, 1998The Undertaker
83%
August 16, 1998Triple H
83%
January 16, 2000Kurt Angle
82%
November 8, 1998Bob Holly / Hardcore Holly
80%
September 5, 1999Bubba Ray Dudley
79%
September 5, 1999D-Von Dudley
79%
October 31, 1999Crash Holly
78%
April 8, 2001Spike Dudley
78%
September 20, 1998Billy Gunn
77%
April 16, 2000Chris Benoit
77%
July 22, 2001Chavo Guerrero / Kerwin White
76%
December 3, 2000Molly Holly
76%
August 9, 1998X-Pac
76%
January 3, 1999Test
74%
August 2, 1998Mankind
73%
July 2, 2000Trish Stratus
72%
October 10, 1999Chris Jericho
71%
January 11, 2004Randy Orton
71%
May 9, 1999The Big Show
71%
January 17, 1999Chyna
70%
August 2, 1998Owen Hart
70%
February 28, 1999Rocco Rock
70%
August 16, 1998Bart Gunn
68%
August 2, 1998D'Lo Brown
68%
May 21, 2000Lita
68%
August 9, 1998Mark Henry
68%
September 6, 1998Road Dogg
68%
November 22, 1998The Big Boss Man
68%
August 9, 1998Dustin Runnels / Goldust
67%
February 9, 2003Batista
66%
August 9, 1998Bradshaw
66%
October 18, 1998Faarooq / Ron Simmons
66%
January 2, 2005Ric Flair
66%
August 5, 2001Rob Van Dam
66%
September 6, 1998Val Venis
66%
October 14, 2001Booker T
63%
August 16, 1998Gangrel
63%
August 16, 1998Scott Taylor / Scotty 2 Hotty
62%
February 21, 1999Shane McMahon
62%
August 2, 1998Ken Shamrock
61%
January 24, 1999Mabel / Viscera
61%
November 1, 1998Steven Regal / William Regal
61%
August 12, 2001The Hurricane / Gregory Helms
61%
January 17, 1999Vince McMahon
61%
November 21, 1999Rikishi
60%
October 18, 1998The Godfather
60%
April 25, 1999Albert
59%
March 12, 2000Dean Malenko
59%
August 16, 1998Brian Christopher / Grandmaster Sexay
57%
November 3, 2002Jamal / Umaga
55%
August 2, 1998Jeff Jarrett
55%
August 4, 2002Shelton Benjamin
55%
October 11, 1998Al Snow
54%
February 28, 1999Ivory
50%
April 23, 2000Perry Saturn
50%
October 18, 1998Steve Blackman
50%
February 20, 2005Charlie Haas
49%
July 22, 2001Tommy Dreamer
49%
January 7, 2001Raven
48%
September 22, 2002Rey Mysterio
48%
September 5, 1999Stevie Richards
48%
November 3, 2002Rosey
46%
November 25, 2005Carlito
45%
August 12, 2001Lance Storm
45%
August 2, 1998Funaki
44%
December 8, 2002Maven
44%
February 13, 2000Tazz
43%
September 21, 2007Cody Rhodes
41%
August 2, 1998Droz
40%
February 23, 2003Jamie Noble
39%
August 2, 1998Mosh / Chaz
39%
May 20, 2001Rhyno
39%
July 8, 2001Tajiri
39%
August 19, 2001Torrie Wilson
39%
August 9, 1998Dennis Knight / Mideon
38%
September 20, 1998Jacqueline
38%
September 6, 1998Marc Mero
38%
August 2, 1998Thrasher
38%
August 16, 1998Animal
37%
July 8, 2001Chuck Palumbo
37%
November 11, 2001Diamond Dallas Page
37%
August 30, 1998Hawk
37%
May 9, 1999Meat / Shawn Stasiak
37%
February 15, 2004Paul London
37%
July 15, 2001Billy Kidman
34%
November 14, 2004Eugene
34%
July 13, 2003Rene Dupree
34%
August 9, 1998Taka Michinoku
34%
August 9, 1998Vader
34%
September 8, 2002Victoria
34%
April 18, 2008Ashley Massaro
33%
November 29, 1998Gillberg
33%
June 8, 2003Lance Cade / Garrison Cade
33%
April 27, 2003Scott Steiner
33%
February 17, 2002Jazz
32%
September 8, 2006Mickie James
30%
October 31, 1999Pete Gas
30%
April 7, 2002Scott Hall
30%
December 5, 2004Snitsky
30%
March 13, 2005Chris Masters
28%
August 31, 2007Jillian Hall
28%
May 11, 2007Johnny Nitro
28%
January 19, 2003Rico
28%
July 20, 2003Rob Conway
28%
May 25, 2007Santino Marella
28%
April 2, 2000Bull Buchanan
27%
January 29, 2006Finlay
27%
July 25, 1999Joey Abs
27%
March 3, 2002Mr. Perfect
27%
August 1, 1999Papi Chulo / Essa Rios
27%
October 31, 1999Rodney
27%
July 13, 2003Sylvain Grenier
27%
May 21, 2000The British Bulldog
27%
October 14, 2005Trevor Murdoch
27%
August 23, 1998Kurrgan
26%
September 20, 1998Luna Vachon
26%
September 14, 2007Melina
26%
November 15, 1998Tiger Ali Singh
26%
February 25, 2001Justin Credible
24%
Decenber 19, 2004Simon Dean
24%
July 8, 2001Chris Kanyon
23%
September 11, 2005Danny Basham
23%
August 23, 1998Dan Severn
23%
July 8, 2001Sean O'Haire
23%
August 19, 2001Stacy Keibler
23%
August 23, 1998Golga
22%
October 13, 2002Mark Jindrak
22%
July 29, 2001Mike Awesome
22%
August 13, 2000Just Joe
21%
August 31, 2007The Sandman
21%
December 8, 2002Christopher Nowinski
20%
December 21, 2007DH Smith
20%
April 9, 2000The Kat
20%
February 27, 2005Jonathan Coachman
18%
May 22, 2005Nunzio
18%
May 23, 1999The Blue Meanie
18%
November 9, 2003Gail Kim
17%
August 24, 2003Shannon Moore
17%
October 27, 2006Super Crazy
17%
April 4, 1999Tori
17%
August 30, 19988-Ball
16%
April 29, 2001Jerry Lynn
16%
February 16, 2007JTG
16%
August 30, 1998Skull
16%
July 11, 2004Tyson Tomko
16%
September 14, 2007Candice Michelle
15%
February 13, 2005Muhammed Hassan
15%
October 21, 2005Nick Nemeth / Nicky
15%
February 16, 2007Shad Gaspard
15%
April 9, 2000Terri
15%
May 16, 2008Katie Lea Burchill
13%
December 17, 2000K-Kwik
13%
March 5, 2000Mae Young
13%
October 9, 2005Paul Burchill
13%
March 16, 2003Rodney Mack
13%
August 23, 1998Too Cold Scorpio
13%
July 13, 2007Daivari
12%
August 2, 1998Dick Togo
12%
February 11, 2001Haku
12%
November 16, 2003Heidenreich
12%
July 30, 2000Sgt. Slaughter
12%
April 9, 2000The Fabulous Moolah
12%
July 27, 2003Ultimo Dragon
12%
February 20, 2005Antonio
11%
October 18, 1998Giant Silva
11%
February 28, 1999Johnny Grunge
11%
May 30, 2004Nidia
11%
February 20, 2005Romeo
11%
July 14, 2006Kenny Dykstra
10%
February 20, 2005Kenzo Suzuki
10%
April 18, 2008Maria
10%
September 1, 2006Robbie McAllister
10%
February 19, 2006The Boogeyman
10%
February 15, 2004Akio
9%
January 4, 2008Drew McIntyre
9%
June 30, 2002Johnny Stamboli
9%
August 2, 1998Men's Teioh
9%
September 1, 2006Rory McAllister
9%
May 19, 2006Hacksaw Jim Duggan
7%
June 9, 2006Johnny
7%
August 9, 1998Mark Canterbury
7%
September 17, 2000The Brooklyn Brawler
7%
October 21, 2005Greg Valentine
6%
July 22, 2001Hugh Morrus
6%
September 8, 2006Mikey
6%
March 21, 1999Steve Williams
6%
May 9, 1999Head
5%
October 18, 1998José Estrada Jr.
5%
April 25, 1999Nicole Bass
5%
January 3, 1999George Steele
4%
October 18, 1998Jesús Castillo Jr.
4%
July 31, 2005Johnny Parisi
4%
November 27, 2005Juventud
4%
October 28, 2005Koko B. Ware
4%
June 13, 1999Michael Hayes
4%
October 18, 1998Miguel Pérez Jr.
4%
February 15, 2004Sakoda
4%
August 24, 2003Zach Gowen
2%
May 4, 2007Antoni Polaski
1%
December 6, 1998Babu
1%
October 10, 1999Curtis Hughes
1%
May 25, 2007Dan Rodman
1%
December 13, 1998Kevin Quinn
1%
August 7, 2005Matt Striker
1%

Score Distribution

Percentile by Number Answered

Percent of People with Each Score

Your Score History

You have not taken this quiz